Intergovernmental transfers for environmental infrastructure lessons from Armenia, the Russian Federation and Ukraine

Salvato in:
Dettagli Bibliografici
Natura: Libro
Lingua:inglese
Pubblicazione: Paris OECD 2006
Serie:Environmental finance
Soggetti:
Tags: Aggiungi Tag
Nessun Tag, puoi essere il primo ad aggiungerne!!

MARC

LEADER 00000nam$a2200000$$$4500
001 0054334
005 20240315120809.1
020 |a 92-64-02503-0 
041 0 |a eng 
044 |a FR 
245 1 0 |a Intergovernmental transfers for environmental infrastructure  |b lessons from Armenia, the Russian Federation and Ukraine 
264 1 |a Paris  |b OECD  |c 2006 
300 |a 104 s. 
490 1 |a Environmental finance 
830 0 |a Environmental finance 
610 2 0 |a prostredie životné 
610 2 0 |a financovanie 
610 2 0 |a výdavky verejné 
610 2 0 |a transfer medziregionálny 
610 2 0 |a porovnanie medzinárodné 
610 2 0 |a Arménsko 
610 2 0 |a Rusko 
610 2 0 |a Ukrajina